Sports Quiz

Random Sports or NBA Quiz

NBA 2018-2019 salaries Quiz Stats

 Plays Quiz not verified by Sporcle

Score 0/53 Timer 07:00
0 Plays Today
Team Player % Correct
Golden State WarriorsStephen Curry
99.7%
Oklahoma City ThunderRussell Westbrook
99.2%
Los Angeles LakersLeBron James
99.2%
Houston RocketsJames Harden
98.9%
Houston RocketsChris Paul
98.9%
Detroit PistonsBlake Griffin
97.6%
Golden State WarriorsKevin Durant
97.6%
Oklahoma City ThunderPaul George
97.2%
Toronto RaptorsKyle Lowry
96.7%
Portland Trail BlazersDamian Lillard
95.8%
Boston CelticsGordon Hayward
95.8%
Boston CelticsKyrie Irving
95.7%
Memphis GrizzliesMike Conley
94.4%
Boston CelticsAl Horford
94.3%
New Orleans PelicansAnthony Davis
94.2%
Washington WizardsJohn Wall
93.8%
Washington WizardsBradley Beal
93.5%
San Antonio SpursDeMar DeRozan
92.8%
Memphis GrizzliesMarc Gasol
91.8%
Denver NuggetsNikola Jokic
90.6%
Toronto RaptorsKawhi Leonard
90.5%
Detroit PistonsAndre Drummond
90.2%
Philadelphia 76ersJoel Embiid
90%
Cleveland CavaliersKevin Love
89.5%
Miami HeatHassan Whiteside
89.3%
Oklahoma City ThunderSteven Adams
88%
Minnesota TimberwolvesAndrew Wiggins
87.4%
Team Player % Correct
Portland Trai BlazersCJ McCollum
86.2%
New Orleans PelicansJrue Holiday
85.8%
Golden State WarriosKlay Thompson
85.4%
Denver NuggetsPaul Millsap
84.7%
Washington WizardsDwight Howard
84.4%
Utah JazzRudy Gobert
82.5%
Washington WizardsOtto Porter
82%
Milwaukee BucksGiannis Antetokounmpo
81.6%
Minnesota TimberwolvesJimmy Butler
81.1%
Chicago BullsZach LaVine
80.3%
San Antonio SpursLaMarcus Aldridge
80.1%
Indiana PacersVictor Oladipo
79.9%
Orlando MagicAaron Gordon
75%
Dallas MavericksDeAndre Jordan
73.6%
Dallas MavericksHarrison Barnes
69.6%
Toronto RaptorsSerge Ibaka
67.8%
Charlotte HornetsNicolas Batum
66.6%
Chicago BullsJabari Parker
58.6%
Minnesota TimberwolvesJeff Teague
57.6%
Memphis GrizzliesChandler Parsons
57%
Miami HeatTyler Johnson
50.7%
Cleveland CavaliersGeorge Hill
46.2%
Los Angeles ClippersDanilo Gallinari
45.6%
Houston RocketsRyan Anderson
44.2%
Chicago BullsCarmelo Anthony
41.2%
Miami HeatChris Bosh
16.7%

You're not logged in!

Compare scores with friends on all Sporcle quizzes.
OR
Log In

Show Comments

Extras

Created Jul 20, 2018ReportNominate
Tags:NBA Quiz, expensive, player, salary, team

Top Quizzes Today


Score Distribution

Your Account Isn't Verified!

In order to create a playlist on Sporcle, you need to verify the email address you used during registration. Go to your Sporcle Settings to finish the process.

Report this User

Report this user for behavior that violates our Community Guidelines.

Details: